000 01209cam a22003857a 4500
003 CHAP
005 20220817043926.0
008 040211d2002 it rn 00110 eng d
010 _a88044
011 _a89016
020 _a9251047928
035 _a99565
040 _cCHAP
082 0 4 _a641
_bF3 v.41/14
110 2 _aFAO
245 1 0 _aResidues of some veterinary drugs in animals and foods
_c/ by FAO
260 _aRome :
_bFAO,
_c2002.
300 _a101 p. ;
_bgráfs. ; cuadros
410 2 _aFAO
490 0 _aAlimentación y nutrición
_v; 41/14
590 _aBATCH-UPD
_b10
_c20130110
_lUCH01
_h0927
590 _aBATCH-UPD
_b10
_c20130410
_lUCH01
_h0547
590 _aBATCH-UPD
_b10
_c20130914
_lUCH01
_h0204
590 _aCONVERSION
_b10
_c20130109
_lUCH01
_h1349
650 1 4 _aAlimentos
_xContaminación.
_94205
650 1 4 _aHormonas
_xEfecto en animales domésticos.
_956236
650 1 4 _aResíduos químicos.
_996149
650 1 4 _aToxicología veterinaria.
_9114457
810 0 _aFAO
830 0 0 _aAlimentacion y nutricion
_v; 41/14
_94112
901 _aBK
905 _aAlejandra Carrasco M.
942 _cLIBRO
949 _a641 F3 v.41/14
_bBC
_cFAO
_d33724000914594
_eFAO1
_h104355
_i99565
_sb
999 _c88044
_d88044